<?xml version="1.0" encoding="UTF-8"?>
<marc:record xmlns:marc="http://www.loc.gov/MARC21/slim">
   <marc:leader>00000nam a2200000 a 4500</marc:leader>
   <marc:datafield ind1="1" ind2=" " tag="100">
      <marc:subfield code="a">Gastl, Markus</marc:subfield>
      <marc:subfield code="4">aut</marc:subfield>
      <marc:subfield code="e">Verfasser/-in</marc:subfield>
   </marc:datafield>
   <marc:datafield ind1="1" ind2=" " tag="100">
      <marc:subfield code="a">Schoppe, Melanie</marc:subfield>
      <marc:subfield code="4">aut</marc:subfield>
      <marc:subfield code="e">Verfasser/-in</marc:subfield>
   </marc:datafield>
   <marc:datafield ind1=" " ind2=" " tag="653">
      <marc:subfield code="a">Softcover / Ratgeber/Natur/Garten</marc:subfield>
   </marc:datafield>
   <marc:datafield ind1="0" ind2="0" tag="245">
      <marc:subfield code="a">Boden &amp; Pflanzen natürlich stärken</marc:subfield>
   </marc:datafield>
   <marc:datafield ind1="0" ind2="0" tag="245">
      <marc:subfield code="b">Bio-Dünger und Pflanzenschutz selbst gemacht</marc:subfield>
   </marc:datafield>
   <marc:datafield ind1="0" ind2="0" tag="245">
      <marc:subfield code="c">Gastl, Markus</marc:subfield>
   </marc:datafield>
   <marc:datafield ind1=" " ind2="1" tag="264">
      <marc:subfield code="a">Stuttgart (Hohenheim)</marc:subfield>
      <marc:subfield code="b">Ulmer</marc:subfield>
      <marc:subfield code="c">2022</marc:subfield>
   </marc:datafield>
   <marc:datafield ind1="1" ind2=" " tag="490">
      <marc:subfield code="a">#machsnachhaltig</marc:subfield>
   </marc:datafield>
   <marc:datafield ind1="1" ind2=" " tag="520">
      <marc:subfield code="a">Angaben aus der Verlagsmeldung

Boden &amp; Pflanzen natürlich stärken : Bio-Dünger und Pflanzenschutz selbst gemacht. #machsnachhaltig / von Markus Gastl, Melanie Schoppe

Müde, kraftlose Pflanzen? Krankes oder völlig zerfressenes Gemüse? Mineraldünger oder chemische Schädlingsbekämpfung zur Rettung? Das ist nicht zeitgemäß! Dieses Buch richtet einen ganzheitlichen Blick auf das Bodenleben, Insekten und viele weitere Bewohner deines Gartens, die alle miteinander vernetzt sind, sowie die Bedürfnisse deiner Pflanzen. Mach dich damit auf den Weg zum Gärtnern ohne Gift und belebe deinen Boden, unterstütze ihn durch Kompost, Mulch und kluge Anbaustrategien und fördere die natürliche Abwehr deiner Pflanzen durch Jauchen, Brühen und Pflanzenauszüge. Mit einfachen DIY-Projekten förderst du zusätzlich die natürlichen Gegenspieler von Schädlingen und bringst deinen Garten ins Gleichgewicht.
</marc:subfield>
   </marc:datafield>
   <marc:datafield ind1=" " ind2=" " tag="020">
      <marc:subfield code="a">9783818615031</marc:subfield>
      <marc:subfield code="9">9783818615031</marc:subfield>
   </marc:datafield>
   <marc:datafield ind1=" " ind2=" " tag="020">
      <marc:subfield code="a">3818615039</marc:subfield>
      <marc:subfield code="9">3818615039</marc:subfield>
   </marc:datafield>
   <marc:datafield ind1=" " ind2=" " tag="041">
      <marc:subfield code="a">ger</marc:subfield>
   </marc:datafield>
   <marc:datafield ind1=" " ind2=" " tag="300">
      <marc:subfield code="a">127 Seiten</marc:subfield>
   </marc:datafield>
</marc:record>
